000 00522nam a2200181 i 4500
001 78633
003 ES-MaACL
005 20230906173753.0
007 t|
008 041015s1967 sp ||||1| spa d
100 1 _aHales, Edward Elton Young.
_961531
245 1 3 _aLa revolución del Papa Juan /
_cE.E.Y. Hales ; [traducción de Luis Vera].
250 _a[1ª ed.].
260 _aMadrid :
_bPenínsula,
_c[1967]
300 _a265 p. ;
_c20 cm.
700 1 _aVera, Luis.
_9113949
852 _aES-MaACL
_jC-31656
_bR.62128
999 _c78633
_d78633